Linking warehouse storage space seekers and suppliers (Record no. 68359)
[ view plain ]
| 000 -LEADER | |
|---|---|
| fixed length control field | 01400cam a2200241 4500 |
| 001 - CONTROL NUMBER | |
| control field | ABS64493 |
| 008 - FIXED-LENGTH DATA ELEMENTS--GENERAL INFORMATION | |
| fixed length control field | 010926n2001 000 0 eng u |
| 035 ## - SYSTEM CONTROL NUMBER | |
| System control number | (Sirsi) u114827 |
| 100 ## - MAIN ENTRY--PERSONAL NAME | |
| Personal name | Norwood, G. |
| 245 ## - TITLE STATEMENT | |
| Title | Linking warehouse storage space seekers and suppliers |
| 260 ## - PUBLICATION, DISTRIBUTION, ETC. | |
| Date of publication, distribution, etc. | 2001 |
| 490 ## - SERIES STATEMENT | |
| Series statement | Estates Gazette |
| Volume/sequential designation | (0138) 22 September 2001, 176-177(2) |
| 520 ## - SUMMARY, ETC. | |
| Summary, etc. | Looks at the new service offered by Spacebuster.com, which is due to be launched in September 2001. The company's aim is to provide a web-based facility that brings together warehouse storage space seekers and suppliers. At present there is much idle warehousing around the UK, as there is no recognised medium for identifying space availability across the country, as well as no uniform market rate. When it goes live, Spacebuster.com will be the internet's first warehouse space space online service. Space suppliers will have a unique password enabling them to access their section of the site, which they will be expected to keep up to date. Space seekers will be able to search, view and select properties according to criteria such as location, cost and space size. |
| 590 ## - LOCAL NOTE (RLIN) | |
| Local note | ABS |
| 650 ## - SUBJECT ADDED ENTRY--TOPICAL TERM | |
| Topical term or geographic name entry element | SPACEBUSTER.COM |
| 650 ## - SUBJECT ADDED ENTRY--TOPICAL TERM | |
| Topical term or geographic name entry element | WAREHOUSE MARKET |
| 650 ## - SUBJECT ADDED ENTRY--TOPICAL TERM | |
| Topical term or geographic name entry element | WAREHOUSE SPACE |
| 650 ## - SUBJECT ADDED ENTRY--TOPICAL TERM | |
| Topical term or geographic name entry element | SUPPLIERS |
| 650 ## - SUBJECT ADDED ENTRY--TOPICAL TERM | |
| Topical term or geographic name entry element | INTERNET |
| 650 ## - SUBJECT ADDED ENTRY--TOPICAL TERM | |
| Topical term or geographic name entry element | EBUSINESS |
| 690 ## - LOCAL SUBJECT ADDED ENTRY--TOPICAL TERM (OCLC, RLIN) | |
| Topical term or geographic name as entry element | PROPERTY-COMMERCIAL PROPERTY |
| 942 ## - ADDED ENTRY ELEMENTS (KOHA) | |
| Suppress in OPAC | 0 |
| Withdrawn status | Lost status | Source of classification or shelving scheme | Damaged status | Not for loan | Home library | Current library | Shelving location | Date acquired | Total Checkouts | Full call number | Barcode | Date last seen | Copy number | Price effective from | Koha item type |
|---|---|---|---|---|---|---|---|---|---|---|---|---|---|---|---|
| Dewey Decimal Classification | London | London | Journal article | 26/09/2001 | ABS64493 | 114827-1001 | 06/08/2019 | 1 | 06/08/2019 | Journal article |